| 000 | 00468nam a22001697a 4500 | ||
|---|---|---|---|
| 003 | NUST - PNEC | ||
| 005 | 20170116180807.0 | ||
| 008 | 150423b xxu||||| |||| 00| 0 eng d | ||
| 040 | _cLIBRARY | ||
| 082 | _a297.902 ARN | ||
| 100 |
_93085 _aArnold W. Thomas |
||
| 245 |
_aThe Caliphate _cSir Thomas W. Arnold |
||
| 260 |
_aKarachi: _bOxford University Press, _cc1996. |
||
| 300 |
_a267 p. : _c22 cm. |
||
| 650 |
_93088 _aHistory, Caliphate _xGeneral |
||
| 942 |
_2ddc _cBK |
||
| 999 |
_c63241 _d63241 |
||